000 00631nam a22002057a 4500
003 OSt
005 20140310182350.0
008 130930t xxu||||| |||| 00| 0 eng d
050 _aPZ 7
_b.M44 U54 1989
082 _aGS 813.0108
_bM45 1989 v.2
100 _aMaxwell, Arthur S.
_922145
245 _aUncle Arthur"s best stories. Volume 1-2 /
_cArthur S. Maxwell.
260 _aManila :
_bPhilippine Publishing House,
_cc1989.
300 _a111 p. :
_bill, ;
_c26 cm.
541 _j1
562 _e1
650 _aShort stories, American.
_913063
650 _aChildren's literature.
_91986
942 _2lcc
_cBK-GS
999 _c12348
_d12348